Codigo Procesal Penal: edición oficial, aprobada por Decreto Exento Nº 1797, de 8 de abril de 2015 del Ministerio de Justicia
Uloženo v:
| Korporativní autor: | |
|---|---|
| Médium: | Kniha |
| Jazyk: | španělština |
| Vydáno: |
Santiago, Chile:
Jurídica,
2015
|
| Vydání: | Décima Edición. |
| Témata: | |
| Tagy: |
Přidat tag
Žádné tagy, Buďte první, kdo vytvoří štítek k tomuto záznamu!
|
MARC
| LEADER | 00000cam a2200000 a 4500 | ||
|---|---|---|---|
| 001 | UCE8836 | ||
| 003 | CL-VaPUC | ||
| 005 | 20241002143619.0 | ||
| 008 | 150904e20150000cl |||||||||||||||||spa|d | ||
| 999 | |c 360605 |d 360603 | ||
| 020 | |a 9789561023444 | ||
| 040 | |c Pontificia Universidad Católica de Valparaíso | ||
| 082 | 0 | 4 | |a 345.8305 CHI 2015 |2 21 |
| 110 | 1 | |a Chile |9 890760 | |
| 245 | 1 | 0 | |a Codigo Procesal Penal: edición oficial, aprobada por Decreto Exento Nº 1797, de 8 de abril de 2015 del Ministerio de Justicia |
| 250 | |a Décima Edición. | ||
| 260 | |a Santiago, Chile: |b Jurídica, |c 2015 | ||
| 300 | |a 349 páginas | ||
| 505 | |a Mensaje del Ejecutivo. -Libro Primero. Disposiciones Generales. -Libro Segundo. Procedimiento Ordinario. -Libro Tercero. Recursos. -Libro Cuarto. Procedimientos Especiales y Ejecución. Apéndice: -Ley N.º 19.640. Establece la Ley Orgánica Constitucional del Ministerio Público. -Ley N.º 19.718. Crea la Defensoría Penal Pública. -Ley N.º 20.065, de 21 de octubre de 2005. Modernización, regulación orgánica y planta del personal del Servicio Médico Legal. -Ley N.º 20.393. Responsabilidad penal de personas jurídicas en los delitos de lavado de activos, financiamiento del terrorismo y delitos de cohecho. -Ley N.º 20.593, de 22 de junio de 2012. Crea el Registro Nacional de Prófugos de la Justicia. | ||
| 583 | |a last modification |c 20150904 11:50:00 |k Rodrigo Vera | ||
| 650 | 0 | |a Derecho penal chileno |9 891934 | |
| 650 | 0 | |a Derecho procesal penal |9 255496 | |
| 650 | 0 | |a Código procesal penal |9 432657 | |
| 650 | 0 | |a Jurisprudencia procesal |9 254972 | |
| 942 | |c BK |2 ddc | ||
| 945 | |d 20150904 11:50:00 |a gsalatino | ||
| 952 | |0 0 |1 0 |3 erb |4 0 |6 345_830500000000000_CHI_2015 |7 0 |8 R |9 470478 |a BIBDER |b BIBDER |i 5196159 |l 39 |m 1 |o 345.8305 CHI 2015 |p 5196159 |r 2024-04-30 |s 2024-04-30 |w 2019-11-23 |y BK_R |z Catalogado en:20150904 |k DER | ||
| 952 | |0 0 |1 0 |3 erb |4 0 |6 345_830500000000000_CHI_2015 |7 0 |8 R |9 470479 |a BIBDER |b BIBDER |i 5196140 |l 44 |o 345.8305 CHI 2015 |p 5196140 |r 2024-03-12 |s 2024-03-12 |w 2019-11-23 |y BK_R |z Catalogado en:20150904 |k DER | ||